| 000 | 00716 a2200253 4500 | ||
|---|---|---|---|
| 003 | CBULib | ||
| 005 | 20240418133941.0 | ||
| 008 | 240418b |||||||| |||| 00| 0 eng d | ||
| 020 | _a9780198817505 | ||
| 040 |
_bEnglish _cCBULib _erda |
||
| 041 | _aeng | ||
| 050 | _aKD 91 All | ||
| 100 | _aAllen, Mischa | ||
| 245 |
_aConcentrate Q & A : criminal law _c/ by Mischa Allen |
||
| 250 | _aSecond edition | ||
| 260 |
_bOxford University Press, _c2018 _aOxford : |
||
| 300 | _axii, 227 pages : illustrations | ||
| 336 |
_2rdacontent _aText | _btxt |
||
| 337 |
_2rdamedia _aUnmediated | _bn |
||
| 338 |
_2rdacarrier _aVolume _bnc |
||
| 650 | 0 |
_9490 _aCRIMINAL LAW |
|
| 650 | 0 |
_942 _aGREAT BRITAIN |
|
| 942 |
_2lcc _c002 |
||
| 999 |
_c84905 _d84905 |
||